| 000 | 00000nas 22000008i 4500 |
| 001 | 9.898855 |
| 003 | CaOODSP |
| 005 | 20221107174948 |
| 006 | m go d f |
| 007 | cr ||||||||||| |
| 008 | 210419c20219999onc x m o f0 a0eng|d |
| 022 | |a2563-9447 |
| 040 | |aCaOODSP|beng|erda|cCaOODSP |
| 043 | |an-cn--- |
| 086 | 1 |aFo3-4E-PDF |
| 245 | 00|aResearch connections : |bcumulative effects. |
| 264 | 1|a[Ottawa] : |bNatural Resources Canada, |c2021- |
| 310 | |aIrregular |
| 336 | |atext|btxt|2rdacontent |
| 337 | |acomputer|bc|2rdamedia |
| 338 | |aonline resource|bcr|2rdacarrier |
| 362 | 1 |aBegan with Note 1 (2021). |
| 500 | |aIssued also in French under title: Connexion de recherches : les effets cumulatifs. |
| 588 | |aDescription based on: Note 1 (2021). |
| 588 | |aLatest issue consulted: Note 2 (2021). |
| 650 | 0|aConservation of natural resources|zCanada. |
| 710 | 1 |aCanada. |bNatural Resources Canada, |eissuing body. |
| 775 | 08|tConnexion de recherches : |w(CaOODSP)9.898859 |